Almanach stomatologického směru lékařské fakulty University Palackého v Olomouci

Korporativní autor: Univerzita Palackého. Lékařská fakulta
Jazyk: Čeština
Vydáno: Olomouc : Lékařská fakulta University Palackého, 1971
Fyzický popis: 83 s. : il.
Knihy
Uloženo v:
LEADER 00734nam a22002172a 4500
001 001309693
003 CZ BrMZK
005 20210727125221.0
007 ta
008 130711s1971 xr a er|||||||||||cze d
015 |a cnb000284163 
040 |a ABA008  |b cze  |d BOA001 
080 9 |a 616.31 
110 2 |a Univerzita Palackého.  |b Lékařská fakulta  |7 kn20010709374 
245 1 0 |a Almanach stomatologického směru lékařské fakulty University Palackého v Olomouci 
260 |a Olomouc :  |b Lékařská fakulta University Palackého,  |c 1971 
300 |a 83 s. :  |b il. 
910 |a BOA001  |b 2-0668.259 
990 |a BK 
991 |b 201307 
996 7 |b 2619002209  |c 2-0668.259  |l Sklad H1  |r Sklad / do 24 hodin  |n 0  |h HS212  |w 001344528  |u 000010  |a 1  |e BOA001  |j MZK50  |s A